Nigerian journal of paediatrics (Record no. 38554)

MARC details
000 -LEADER
fixed length control field 00441nam a2200169Ia 4500
022 ## - INTERNATIONAL STANDARD SERIAL NUMBER
ISSN 03024660
050 ## - CALL MARK
Classification number R 111 .P34/
245 #0 - TITLE STATEMENT
Title Nigerian journal of paediatrics
260 ## - PUBLICATION, DISTRIBUTION, ETC. (IMPRINT)
Place of publication nnewi
260 ## - PUBLICATION, DISTRIBUTION, ETC. (IMPRINT)
Name of publisher Promise-mary printing & publication co.
260 ## - PUBLICATION, DISTRIBUTION, ETC. (IMPRINT)
Year of publication 2016
300 ## - PHYSICAL DESCRIPTION
Number of Pages viii, 61 p. :ill. ; 28 cm.
650 ## - SUBJECT ADDED ENTRY--TOPICAL TERM
Topical Term vaccination/child health
942 ## - ADDED ENTRY ELEMENTS (KOHA)
Koha item type Serials

No items available.